01582nas a2200289 i 4500003000900000005001700009007000300026008004100029040003000070041000800100245008700108264007700195300004100272310001300313336002700326337003400353338002800387362003600415500006500451520026600516650007800782700006400860942001500924952017000939952016601109999001701275DO-SdBNP20260703102735.0ta260703e1961 dr mn|p|r||||||0| | spa d aDO-SdBNPbspacBNPHUerda aspa aBrigadas dominicanas artes y letras. cdirigida por: Aida Cartagena Portalatín.  aSanto Domingo, República Dominicana : bEditorial La Nación, c1961. avolumen : bilustraciones ; c24 cm. aMensual. atextobtxt2rdacontent asin mediación bn2rdamedia avolumenbnc2rdacarrier aAño 1. No. 1, diciembre 1961. aCatalogación basada en el: Año 1. No. 1, diciembre 1961. a"...Por primera vez, después de treinta y un años de oscurantismo politico" Brigadas Dominicanas será auténtica expresión de los ideales y aspiraciones de un grupo de poetas, escritos y artistas en la Patria dignificada por Duarte, Sánchez y Mella.  0aBrigadas dominicanas990473xArtes xLetras vPublicaciones periódicas 1 aCartagena Portalatín, Aída,d1918-1994923557edirigido 2ddccISSUE 00102ddc4055708SEaBNPHUbBNPHUd2026-07-03hAño 1. No. 1, diciembre 1961l0p2026-5770r2026-07-03te.1w2026-07-03yISSUEzDisponible en Sala de Hemeroteca. 00102ddc4055708SEaBNPHUbBNPHUd2026-07-03hAño 1. No. 2, enero 1962l0p2026-5771r2026-07-03te.1w2026-07-03yISSUEzDisponible en Sala de Hemeroteca. c60999d60999